[Event "USA-ch GpB"]
[Site "San Diego"]
[Date "2006.03.05"]
[Round "3"]
[White "Shabalov, Alexander"]
[Black "Milman, Lev"]
[Result "1-0"]
[WhiteElo "2595"]
[BlackElo "2478"]
[Annotator "Mikhalevski,V"]
[PlyCount "101"]
[EventDate "2006.03.02"]
[EventType "swiss"]
[EventRounds "9"]
[EventCountry "USA"]
[SourceTitle "CBM 112"]
[Source "ChessBase"]
[SourceDate "2006.06.07"]
[SourceVersion "1"]
[SourceVersionDate "2006.06.07"]
[SourceQuality "1"]

1. e4 e5 2. Nf3 Nc6 3. Bb5 a6 4. Ba4 Nf6 5. O-O Nxe4 6. d4 b5 7. Bb3 d5 8. dxe5
Be6 9. Nbd2 Be7 10. Nxe4 {Simple chess. White is trying to outplay his young
opponent in the arising endgame.} (10. c3 {is the main and most popular
alternative. The following position is now the headache for the White's
players after the game Karjakin,S-Vallejo,P, Cuernavaca 2006/CBM112
[Mikhalevski,V].} O-O 11. Bc2 f5 12. Nb3 Qd7 13. Nbd4 Nxd4 14. Nxd4 c5 15. Nxe6
Qxe6 16. f3 Ng5 17. a4 Rad8 $1) 10... dxe4 11. Bxe6 fxe6 12. Ng5 Qxd1 {
Probably the best reaction.} ({Ivan Sokolov prefers to keep the queens by
means of} 12... Qd5 13. Qh5+ g6 14. Qg4 ({White has to test} 14. Qh6 $5 Nxe5
15. Bf4 $36 {with initiative.}) 14... Bxg5 15. Bxg5 Nxe5 16. Qg3 (16. Qh4 $5
Nf7 17. Bf6 O-O 18. Rad1 Qc6 19. Rfe1 $6 (19. Be7 $1 Rfe8 20. Qf6 Qxc2 21. Rd7
$36) 19... Nd6 20. Be7 $2 (20. Bc3 $5) 20... Nf5 21. Qxe4 $2 (21. Qg5 $142)
21... Qxe4 22. Rxe4 Nxe7 $19 {0-1 Van der Velde,W-Van Bavel,F/Groningen NED
2005/The Week in Chess 582 (57)}) 16... Nf7 17. Bf6 O-O 18. Rad1 Qf5 ({Fritz 9
advocates the following beautiful draw:} 18... Qxa2 19. Rd7 e5 20. Qxe5 Nxe5
21. Rg7+ Kh8 22. Rf7+ $11) 19. Bc3 (19. Be7 {also leads to an approximately
equal position.} Rfe8 20. Rd7 e5 21. Rfd1 Qe6 22. Qa3 Rac8 $11) 19... c5 20. b3
Rad8 $11 {1/2-1/2 Almasi,Z-Sokolov,I/Godesberg GER 2005/The Week in Chess 579 
(34)}) ({Euwe's} 12... Bxg5 {also deserves further tests.} 13. Qh5+ g6 14. Qxg5
O-O $1 (14... Qxg5 $6 {is dubious in view of} 15. Bxg5 Rf8 16. Bf6 Nb4 17. Rae1
Nd5 18. Bh4 $16) 15. Qg4 {[%csl Re4,Re6]} Qd5 $1 16. Re1 (16. Bh6 Nxe5 (16...
Rf5 $5) 17. Qe2 (17. Qh4 $5) 17... Rf5 18. Rad1 Qc6 (18... Qc4 $5) 19. Rd4 Nf7
20. Bd2 Nd6 $15 {0-1 Von Gelder-Euwe,M/Amsterdam 1920/EXT 2002 (33)} (20...
Qxc2 $142 21. Qxe4 Qxe4 22. Rxe4 Re5 $15)) 16... Rf5 17. Bh6 Nxe5 (17... Qxe5
18. Re2 (18. Qxe4 $5 Qxe4 19. Rxe4 $14) 18... Rd8 $11 {1-0 Geller,E-Krasenkow,
M/Cappelle la Grande 1992/EXT 97 (25)} (18... Qxb2 $142)) (17... Qd4 $5 {
[%csl Rb2,Rf2]}) 18. Qxe4 Rd8 19. Qe2 Qc6 20. Rad1 Rxd1 21. Rxd1 Nf7 22. Be3
Rd5 23. Re1 Re5 {with a slight edge in 1/2-1/2 Zarnicki,P-Sorin,A/Buenos Aires
1996/CBM 053}) 13. Rxd1 Bxg5 14. Bxg5 Rf8 $1 {[%csl Re5][%cal Gf8f5] The rook
comes to f5 in order to attack the e5-pawn.} (14... Nxe5 15. Rd4 $14 {is
slightly better for White.}) 15. a4 $1 (15. Bh4 e3 16. fxe3 Rf5 17. a4 b4 18.
Bg3 Rd8 19. Rd3 Rf7 20. Rad1 Rdd7 21. Bf4 Na5 22. h4 b3 23. Rc1 bxc2 24. Rxd7
Rxd7 25. Rxc2 Rd1+ 26. Kh2 Kd7 27. h5 Ra1 28. Rd2+ Ke8 29. Rd4 Rb1 30. Rb4 Nc6
31. Rc4 Kd7 32. Bg3 Rxb2 33. Rg4 g6 34. hxg6 hxg6 35. Rxg6 Rb4 36. Rg7+ Ne7 37.
Bf4 Ke8 38. Bg5 Nd5 39. a5 Rg4 40. Kh3 Kf8 41. Kxg4 Kxg7 42. e4 Nb4 {1/2-1/2
Sax,G-Tarjan,J/Hastings 1977/MCD}) 15... b4 (15... Kf7 $5 {[%cal Gf8a8,Gf7g6]
is interesting, but it seems that White retains a slight edge after} 16. Rd7+
Kg6 17. h4 $1 (17. Rxc7 Rac8 18. Rxc8 Rxc8 19. axb5 axb5 $11 {[%csl Re5]})
17... Nxe5 (17... h6 $5 18. Be3 $14 (18. Rxc7 Rac8 19. Rxc8 Rxc8 20. axb5 axb5
21. Be3 Nxe5 $11)) 18. Rd4 (18. Rxc7 Rac8 19. Rxc8 Rxc8 $11) 18... Nf7 19. Be7
$1 Rfe8 20. Bc5 e5 21. Rxe4 (21. Rd7 $5) 21... Kf5 22. Rb4 c6 23. Rb3 $14) 16.
Bh4 {[%cal Gh4g3] White transfers the bishop to g3.} (16. Re1 Rf5 17. Bh4 Rxe5
18. Bg3 Rc5 19. Rxe4 O-O-O 20. c3 {1/2-1/2 Veroci,Z-Magyar,O/Hungary 1993/TD})
16... Rf5 17. Bg3 {[%csl Re4] Black starts to experience problems with the
e4-pawn.} h5 {[%cal Gg7g5,Gh5h4]} (17... Nxe5 $1 {temporarily sacrificing a
pawn was good enough for equality.} 18. Rd4 Nc6 19. Rxe4 (19. Rc4 Kd7 20. Rxe4
Rd5 21. Rae1 Re8) 19... O-O-O $1 20. Rxe6 Rc5 $1 $11 {[%csl Rc2][%cal Gc6d4]
and Black wins back the c2-pawn thanks to the idea of Nd4.}) 18. h4 (18. Rd2 $5
{[%cal Ga1e1] leads to a better version of the endgame, which arises after 17..
.Nxe5.} Nxe5 {[%cal Ge5c4]} 19. Re2 O-O-O 20. Rxe4 Nc6 21. Rxe6 Rc5 22. c3 {
[%csl Rg6][%cal Ge6g6]} bxc3 23. bxc3 Rxc3 $14) 18... g6 $6 (18... g5 $5) 19.
Rd2 {[%csl Re4][%cal Ga1e1]} e3 $5 {Black gives up a pawn, but at least
creates some weaknesses.} ({Black could try to keep it by means of} 19... g5 {
although after} 20. Re2 $1 (20. hxg5 Rxg5 21. Re1 Rg4 $11 {[%cal Ga8d8]
protecting the e4-pawn.}) 20... gxh4 21. Bxh4 (21. Bh2 $2 O-O-O $1 $15) 21...
Rxe5 22. Bg3 Rc5 23. Bxc7 Nd4 24. Rxe4 Nxc2 25. Bb6 $1 Rc6 26. Rc1 $14 {
White is better anyway.}) 20. fxe3 $14 {White won a pawn and the e5-pawn is
untouchable in view of e4. Moreover White may try to exploit weaknesses on the
kingside.} Rd8 21. Rxd8+ Kxd8 22. b3 $1 {Preparing the opening of the c-file
by means of c3.} Ke8 (22... Kc8 {[%csl Rc7] Keeping the c7-pawn protected
looks better.} 23. Rc1 Rf8 24. c3 Rd8 {and now after} 25. cxb4 Nxb4 {we see
the reason for playing 22...Kc8.}) 23. c3 $1 bxc3 24. Rc1 Kd7 25. Rxc3 {
[%csl Ra6,Rc7]} Rf8 26. Rd3+ Ke7 27. Bf4 $1 {[%cal Gf4g5] Shabalov transfers
the bishop to a more active position.} Rb8 $1 {[%csl Rb3] Black also finds an
object of attack.} 28. Kf2 Na5 29. Bg5+ Ke8 30. Kf3 $5 {[%csl Rg6,Rh5][%cal
Gg5f6,Gf3f4,Gf4g5] White is heading to the weak kingside pawns.} Nxb3 {Black
has won the pawn back, but hadn't solved all his problems yet. His g6 and
h5-pawns are weak.} 31. Bf6 {[%csl Rg6][%cal Gf3f4,Gf4g5]} Na5 $6 {It would be
better to keep the knight on b3 in order to have an option of Nc5.} (31... a5
$5 32. Kf4 Rb4+ 33. Kg5 Nc5 34. Rd8+ (34. Rd4 $2 Kf7 $1 $15) 34... Kf7 35. Rc8
{[%csl Rc7]} Ne4+ 36. Kh6 Rc4 37. Bg7 $14 {[%cal Gc8f8]} (37. Bd8 Nc3 38. Rxc7+
Rxc7 39. Bxc7 Nxa4 40. Bxa5 Nb2 $11)) 32. Kf4 Rb4+ 33. Kg5 Rg4+ 34. Kh6 Nc6 $1
{[%csl Rd8]} (34... Rxg2 $2 {is bad as it allows to activate White's rook.} 35.
Rd8+ Kf7 36. Rd7+ Kf8 37. Rxc7 $18 {[%csl Ra5,Ra6,Re6,Rf8]}) 35. Rd2 $1 {
[%csl Rg2] Shabalov is trying to create a zugzwang position.} Ne7 (35... a5 $5
36. Kg7 $1 {and Black has run out of useful moves.}) 36. a5 $1 {[%csl Ra6]
Moving his pawn from attack and fixing the a6-pawn White creates an additional
object of attack.} c5 (36... Rc4 37. Bxe7 Kxe7 38. Kxg6 Rxh4 39. Rc2 Kd7 40.
Kf7 {[%csl Re6][%cal Gc2d2]} Rh2 41. Rd2+ Kc6 42. Kxe6 h4 43. Kf7 $1 h3 44. e6
hxg2 45. Rxg2 Rh3 (45... Rxg2 46. e7 Rf2+ 47. Ke6 $18 {[%cal Ge7e8]}) 46. Rc2+
Kd6 47. Rd2+ Kc5 48. e4 $18 {[%cal Ge6e7]}) (36... Rg3 $1 {seems to be the
best chance.} 37. Bg5 Rg4 38. Rc2 Nf5+ 39. Kxg6 Nxh4+ 40. Kxh5 Rxg2 41. Rxc7
Nf5 (41... Nf3 42. Bf6 Ra2 43. Re7+ $140 Kf8 44. Rxe6 Rxa5 45. Kg6 $18 {
[%csl Rf8][%cal Gf6g7]}) 42. Kg6 Nxe3 43. Re7+ Kd8 44. Rxe6+ Kc7 45. Rxa6 Nc4 {
with the idea} 46. e6 $2 (46. Ra7+ $5 Kb8 47. Re7 Nxa5 48. e6 Nc6 {and
probably the best White can get is a position with a rook and bishop vs rook.})
46... Kb7 $1 {[%csl Ra6]} 47. e7 Re2 48. Rf6 Rxe7 49. a6+ Ka7 $11) 37. Bxe7
Kxe7 38. Rd6 {[%csl Ra6]} c4 (38... Rxh4 {deserved attention.} 39. Rxa6 Rg4 40.
Ra8 Kd7 $1 (40... Rxg2 {loses to} 41. a6 Ra2 42. a7 $18 {[%cal Ga8h8]}) 41. a6
Ra4 42. a7 Kc7 43. Kxg6 Kb7 44. Re8 Rxa7 45. Re7+ $16) 39. Rxa6 Kd7 {[%csl Gc6]
Staking on the c-pawn.} ({Once again Black could try to capture the h-pawn.} 
39... Rxh4 40. Rc6 Re4 41. Rc7+ Kd8 42. Rc5 Rxe3 43. Kxg6 Rg3+ 44. Kxh5 Rxg2
45. Rxc4 Ra2 46. Rc5 Ra4 47. Kg5 Kd7 $16 {and I'm not sure whether White can
win this position.}) 40. Rd6+ Kc7 41. a6 $1 {White exchanges a and c-pawns and
obtains good chances for a win thanks to his active king.} Rxg2 (41... c3 42.
a7 Kb7 (42... Ra4 43. Rd3 $1 $18) 43. Rxe6 Ra4 (43... Rc4 $2 44. Ra6 $1 Ka8 45.
e6 $1 c2 46. e7 Re4 47. Rc6 $18 {[%csl Rg6,Rh5]}) 44. Rf6 c2 45. Rf1 Rxh4 46.
Kg7 $1 Re4 47. Kf6 Kxa7 48. e6 Rxe3 49. e7 Re2 50. Rc1 Rf2+ 51. Kxg6 Re2 52.
Kf7 Rf2+ 53. Ke6 Re2+ 54. Kd7 {with the idea} Rd2+ 55. Kc7 $1 $18 {[%csl Ra7]
[%cal Ge7e8,Gc1a1]}) 42. a7 Ra2 (42... Kb7 $5) 43. Rd4 $1 {Eliminating the
dangerous c-pawn, which means the end of Black's counterplay.} Rxa7 44. Rxc4+
Kd7 45. Kxg6 $16 {[%csl Re6,Rh5] Now the active king and the weak e6 and
h5-pawns promise White good chances for a win.} Ke7 46. Rb4 (46. Kxh5 $5) 46...
Rc7 (46... Ra5 47. Re4 $18) 47. Ra4 Rb7 48. Ra5 {[%csl Ge5]} Rb3 49. Ra7+ Kd8
50. Kf6 Rxe3 (50... Rb4 {doesn't help:} 51. Kxe6 Rxh4 52. Kd6 Kc8 ({or} 52...
Ke8 53. e6 Kf8 54. Ra8+ Kg7 55. Ke5 $1 {[%cal Ge6e7]}) 53. e6 Re4 54. e7 $18 {
[%cal Ga7a8]}) 51. Rh7 {Black loses both the h- and e-pawns and so he resigned.
Good technique of Shabalov!} 1-0

[Event "Sigeman & Co 05th"]
[Site "Malmo"]
[Date "1997.06.11"]
[Round "2"]
[White "Hansen, Curt"]
[Black "Sokolov, Ivan"]
[Result "1/2-1/2"]
[WhiteElo "2605"]
[BlackElo "2615"]
[Annotator "Mikhalevski,V"]
[PlyCount "80"]
[EventDate "1997.06.10"]
[EventType "tourn"]
[EventRounds "9"]
[EventCountry "SWE"]
[EventCategory "13"]
[SourceTitle "CBM 060"]
[Source "ChessBase"]
[SourceDate "1997.09.29"]
[SourceVersion "1"]
[SourceVersionDate "1997.09.29"]
[SourceQuality "1"]

1. e4 e5 2. Nf3 Nc6 3. Bb5 a6 4. Ba4 Nf6 5. O-O Nxe4 6. d4 b5 7. Bb3 d5 8. dxe5
Be6 9. Nbd2 Nc5 10. c3 d4 11. Bxe6 Nxe6 12. cxd4 Ncxd4 13. a4 Rb8 (13... b4 14.
Nxd4 Nxd4 15. Nb3 c5 16. Nxd4 cxd4 17. Qf3 Ra7 18. Rd1 Be7 19. Qg4 g6 20. Bh6
$16 {Huebner,R-Polgar,S/San Francisco/1995}) (13... Be7 14. Nxd4 Nxd4 15. Ne4
O-O 16. axb5 Nxb5 17. Be3 Qc8 18. Qd5 $14 {Chandler-Yusupov, Hastings 1989/90.}
) 14. axb5 axb5 15. Ne4 (15. Nxd4 Qxd4 16. Qf3 Bb4 17. Qc6+ {1/2-1/2 Xie
Jun-Polgar,Zsu/Moscow olw/1994}) 15... Be7 (15... Qd5 16. Nxd4 Nxd4 17. Nc3 Qc4
18. Be3 Nf5 19. Qf3 Nh4 20. Qh3 Be7 21. Rfd1 O-O 22. Nd5 Bd8 23. e6 $16 {
1-0 De Firmian,N-Abdel Megid,M/WchT Luzern 1989 (39)}) 16. Be3 (16. Nd6+ cxd6
17. Nxd4 Nxd4 18. Qxd4 dxe5 19. Qxe5 O-O 20. Bf4 Rb7 21. Qe4 Rd7 22. Qc6 {
1/2-1/2 Nunn,J-Timman,J/Amsterdam OHRA 1985} (22. Be3 Qb8 {1/2-1/2 Boudre,
J-Flear,G/Paris-ch 1989})) 16... Nf5 17. Ba7 (17. Qc2 Nxe3 18. fxe3 O-O 19.
Rad1 Qc8 20. Nd4 Nxd4 21. exd4 $14) 17... Qxd1 18. Rfxd1 Rd8 19. g4 Rxd1+ (
19... Nh6 20. h3 $16) (19... Nh4 20. Nxh4 Bxh4 21. Rxd8+ Bxd8 22. Be3 O-O 23.
f4 f5 $1 24. gxf5 Rxf5 25. Ra8 Rf8 26. f5 Be7 $1 27. Ra6 Nd8 $14) 20. Rxd1 Nh6
$6 $146 ({Smirin} 20... Nh4 21. Nxh4 Bxh4 22. Be3 $2 (22. Rd5 $1 c6 ({
Mikhalevski,V} 22... h5 $1 23. f3 (23. gxh5 $140 $6 c6 $1 {/\Rh5}) (23. h3 Nf4)
23... hxg4 24. fxg4 Be1 $1 $11 {/\Rh4}) 23. Rd6 Nd8 24. Bb6 Be7 25. Bxd8 $1
Bxd8 26. Rxc6 $16) 22... O-O $10 23. g5 (23. f4 Rd8 24. Rxd8+ Bxd8 $14) (23.
Rd5 $1 c6 24. Rd6 Rc8 25. f4 $36 {_|_}) 23... Ra8 24. Kg2 Ra4 25. Kf3 (25. Nc5
Rb4 $1) 25... h6 26. gxh6 gxh6 27. Bxh6 Kh7 (27... Nd4+ $2 28. Kg4) 28. Be3 Kg6
$44 29. Nc5 (29. Rd5 Rb4 30. Rd2 Kf5) 29... Rc4 30. Nxe6 fxe6 31. b3 Rb4 32.
Rd3 Bg5 33. Bc5 Rf4+ 34. Kg2 Kf5 35. Rd7 Rg4+ 36. Kh1 Bf4 37. Rxc7 Rh4 38. Bd6
Rxh2+ 39. Kg1 Rh3 40. b4 Ke4 41. Kg2 {1/2-1/2 Smirin,I-Huebner,R/Polanica
Zdroj 1995}) 21. h3 {><h6} f5 22. exf6 gxf6 {><h7,f6,b5} 23. Be3 Nf7 (23... f5
24. Bxh6 fxe4 25. Nd4 $1 (25. Nd2 Bg5 26. Bxg5 Nxg5 27. Kg2 O-O 28. Re1 Re8 (
28... Nf3 29. Nxf3 exf3+ 30. Kg3 $16) 29. Re2 $1 {/\h4+/-}) 25... Kf7 (25...
Nxd4 26. Rxd4 $16) 26. Nxe6 Kxe6 27. Rd4 $1 $16) 24. Nd4 $1 $16 Nfd8 (24...
Nxd4 25. Bxd4 Ne5 26. Nxf6+ $1 (26. Bxe5 fxe5 27. Rd5 c6 28. Rxe5 $16) 26...
Bxf6 27. Bxe5 Bxe5 28. Re1 $16) 25. Nxb5 h5 26. Ng3 (26. f3 $5) 26... hxg4 27.
hxg4 Nc6 28. Kg2 (28. f4 $1 Rh4 29. f5 $1 {><c7,f6;o^b}) 28... Ne5 29. Nd4 (29.
f3 $5) 29... Nxd4 30. Rxd4 Kf7 31. Nf5 Rb8 32. Nxe7 Kxe7 33. b4 Ke6 34. Kg3 Rb5
$1 {/\c5} (34... Nc6 35. Re4+ Kd5 36. Rf4 Ke6 37. Bc5) 35. Re4 $6 (35. f4 $5
Nc6 36. f5+ $1 (36. Rc4 Nxb4 37. Rxc7 Nd5 38. Rc6+ Kd7 39. Rc5 Rxc5 40. Bxc5
$11) 36... Ke5 37. Rc4 Kd5 (37... Nxb4 38. Bf4+ Kd5 39. Rxc7 $16) 38. Rc5+ Rxc5
39. Bxc5 $16) 35... f5 $1 36. gxf5+ Kxf5 37. Rh4 Rb8 (37... c6 $5) 38. Rh5+ Ke4
39. Rh4+ Kf5 40. Rf4+ Ke6 $14 1/2-1/2

[Event "EU-chT (Men) 17th"]
[Site "Novi Sad"]
[Date "2009.10.26"]
[Round "5"]
[White "Jakovenko, Dmitrij"]
[Black "Mikhalevski, Victor"]
[Result "1/2-1/2"]
[WhiteElo "2742"]
[BlackElo "2625"]
[Annotator "Mikhalevski,V"]
[PlyCount "73"]
[EventDate "2009.10.22"]
[EventType "team-swiss"]
[EventRounds "9"]
[EventCountry "YUG"]
[SourceTitle "CBM 133"]
[Source "ChessBase"]
[SourceDate "2009.11.19"]
[SourceVersion "1"]
[SourceVersionDate "2009.11.19"]
[SourceQuality "1"]
[WhiteTeam "Russia"]
[BlackTeam "Israel"]
[WhiteTeamCountry "RUS"]
[BlackTeamCountry "ISR"]

1. e4 e5 2. Nf3 Nc6 3. Bb5 a6 4. Ba4 Nf6 5. O-O Nxe4 6. d4 b5 7. Bb3 d5 8. dxe5
Be6 9. Nbd2 Nc5 10. c3 d4 11. Bxe6 Nxe6 12. cxd4 Ncxd4 13. a4 Bb4 14. axb5 Nxb5
15. Qa4 {Svidler's idea.} Bxd2 {A relatively fresh move, which was introduced
by the Cuban GM Bruzon in 2008. The idea is to exchange a potentially active
knight, which comes to e4 after 15...Be7.} (15... Be7 {1/2-1/2 Svidler,P (2735)
-Sokolov,I (2685)/Wijk aan Zee 2005/CBM 105/[Finkel,A] (43)}) 16. Bxd2 O-O 17.
Rfd1 {[%cal Gd2b4] Earlier White started with 17.Be3, but it most likely to
lead to transposition.} (17. Be3 c5 18. Rac1 (18. Rfd1 Qe7 {transposes to the
text.}) 18... Nbd4 $1 19. Bxd4 cxd4 20. Rfd1 Qd5 {[%csl Re5]} 21. Nxd4 Qxe5 22.
Nxe6 Qxe6 23. g3 Rab8 24. Rd2 $11 {1/2-1/2 Krivoruchko,Y-Bezgodov,A (2502)/
Sochi 2008(24).}) 17... c5 {[%csl Yd4][%cal Gb5d4] Black needs to control the
d4-square as one of his main ideas is to jump to d4 at the appropriate moment
exchanging his weak c-pawn for the e-pawn.} 18. Be3 Qe7 19. Qe4 $14 {A new and
very logical continuation. White takes control over the light squares and
strengthens his e5-pawn.} ({In two previous games White tried two different
moves, but in both games Black had no problems in equalising.} 19. Qc4 Rfd8 20.
h3 h6 21. Rxd8+ Rxd8 22. Rxa6 Nbd4 23. Bxd4 Nxd4 24. Nxd4 cxd4 25. Rd6 Rxd6 26.
exd6 Qxd6 27. Qc8+ Kh7 28. Qf5+ {1/2-1/2 Quezada Perez,Y (2546)-Bruzon
Bautista,L (2607)/Aguascalientes 2008 (28).}) (19. Rac1 h6 20. Rd2 Nbd4 21.
Bxd4 cxd4 22. h3 Ng5 23. Nxg5 Qxg5 24. Qa5 Rab8 25. Rc5 Rb5 26. Rxb5 axb5 27.
Qb4 Qxe5 28. Qxd4 Re8 29. Qxe5 {1/2-1/2 Kryvoruchko,Y (2628)-Holzke,F (2516)/
Paleochora 2008 (29).}) 19... h6 $5 {[%csl Gg8] Black needs some fresh air as
after the immediate 19...Rfe8 the idea of Ned4 won't work in view of the back
rank problems.} 20. h4 {Now also White king gets some air.} ({After} 20. Qg4
Kh8 21. Qh5 Kg8 22. Ra4 {White has not time to bring the rook to the kingside
in view of} Rfd8 $11) 20... Rfe8 $1 {[%csl Re5][%cal Ge6d4]} 21. Re1 (21. Rd5
Qb7 {[%csl Rd5] looks ok for Black.}) (21. Qg4 $5 Kh8 $1 (21... Nbd4 {is also
possible, but I believe White should be better after} 22. Bxh6 Nxf3+ 23. gxf3
Qb7 24. Be3 (24. Rab1 $5) 24... Qxb2 25. f4 Rad8 26. f5 $14) 22. Nd2 {[%cal
Gd2c4]} Ned4 23. Nc4 f5 $1 24. Qh3 f4 $1 25. Bxd4 Nxd4 $13 {with a complicated
position.}) 21... Kh8 ({Probably more precise would be} 21... Red8 $1 {[%cal
Gb5d4]} 22. Ra4 Rab8 $1 23. Rxa6 Nbd4 {[%csl Rb2]} 24. Ra2 Nxf3+ 25. Qxf3 Qxh4
26. Ra7 Rf8 $11) 22. Ra4 $1 {[%cal Ge1a1,Ga4c4] White covers the d4-square,
prepares doubling of rooks along the a or c-files and finally gets ready to
bring the rook into attack on the kingside.} Qd7 ({Once again} 22... Red8 $5
23. Rc1 Rab8 $132 {[%csl Rb2] deserved attention.}) 23. Rea1 {[%csl Ra6]} Nbc7
24. Qf5 {[%csl Rh8][%cal Gf5h5]} ({After} 24. Rc4 {[%csl Rc5]} Qb5 25. b4 cxb4
26. Rxb4 Qd5 27. Qf5 Qd7 $14 {Black is pretty solid though his position
remains passive.}) 24... Rab8 $1 {[%csl Rb2] White also has weaknesses.} 25.
Qh5 {[%cal Ge3h6] White is launching a direct attack.} Rb4 {I felt I needed to
prevent White's rook from getting to the kingside.} ({It turns out that after} 
25... Rxb2 $5 26. Bxh6 Kg8 ({Certainly not} 26... gxh6 $4 27. Qxh6+ Kg8 28.
Rg4+ $18) 27. Ng5 Nd4 28. Ne4 (28. Bxg7 Kxg7 29. Qh7+ Kf8 30. Qh8+ Ke7 31. Qf6+
Kf8 $11) 28... Qf5 $1 $11 {Black should be able to equalise.}) 26. Rxb4 cxb4
27. Nh2 {[%cal Gh2g4,Gg4f6] A clever idea, which is however not sufficient for
obtaining an advantage.} (27. Qf5 $1 {would be a better try.}) 27... Rf8 $1 {
[%csl Rf7] After the game Jakovenko told me that that was a strong move and
indeed this way I free my queen from the defence of the f7-pawn, which allows
me to create counterplay.} ({In the event of} 27... Nd5 $2 28. Bxh6 $1 gxh6 29.
Ng4 $1 {White's attack is very strong. Here is an illustration:} Qc8 $2 30.
Qxh6+ Kg8 31. Ra5 Ng7 32. Nf6+ Nxf6 33. exf6 $18) 28. Rd1 ({Now} 28. Bxh6 {
leads to equality.} gxh6 29. Qxh6+ Kg8 30. Ng4 Ne8 $1 {[%csl Rf6]} ({But not} 
30... Nd5 $2 31. Rd1 $18 {[%cal Gd1d5]}) 31. Qh5 $1 {[%cal Gg4h6]} Qb7 $1 32.
Nh6+ Kg7 33. Nf5+ Kg8 $11) 28... Qa4 $1 {[%csl Rd1] This way Black prevents 29.
Ng4.} 29. Rd2 $1 (29. Bxh6 $6 {is not dangerous as after White can't bring
both the knight and the rook into the attack.} gxh6 30. Qxh6+ Kg8 31. Rd3 (31.
Rc1 Rd8 32. Ng4 Ne8 {also looks ok for Black.}) {would be met by means of}
31... Qa1+ $1 32. Nf1 Ne8 $15 {[%cal Ge8g7]}) 29... Qc6 $1 {[%cal Gc6e4,Gc6c1]}
30. Qd1 (30. Ng4 $5 {was a better try to fight for the advantage.} Qe4 31. Rd7
a5 32. Kh2 a4 (32... Qc2 $5) 33. Nxh6 gxh6 34. Bxh6 Qh7 35. g4 Kg8 36. Bxf8
Qxh5 37. gxh5 Kxf8 38. f4 a3 39. bxa3 bxa3 40. f5 a2 41. Rd1 Nd4 42. Ra1 Nxf5
43. Rxa2 Ne6 $14 {[%cal Gf5h6] and with the knights on h6 and e6 Black seems
to hold.}) (30. Bxh6 $6 Qc1+ {is in Black's favour.}) 30... a5 $1 {[%cal Ga5a4]
Black also has his trumps.} 31. Nf3 Kg8 $138 {Being in time trouble I decided
to play it safe.} (31... a4 $1 32. Nd4 $1 (32. Rd6 Qa8 33. Qa1 a3 34. bxa3 bxa3
35. Rb6 Qa5 $17) (32. Rd3 Ra8 $15) 32... Nxd4 33. Rxd4 a3 34. Rd6 (34. Rxb4 $2
a2 35. Ra4 Ra8 {[%csl Ga2]} 36. Rxa8+ (36. Ba7 Nb5 $17) 36... Qxa8 37. Qa1 Qd5
$1 $19 {[%cal Gc7a6,Ga6b4,Gb4c2]}) 34... Qc4 35. Rd4 $1 $11 {and White
equalises.}) 32. Kh2 $6 $138 (32. Rd6 $5 Qa8 33. b3 {[%csl Ga4] preventing a4
was better.}) 32... Qc4 $6 (32... a4 $1 33. Nd4 Nxd4 34. Rxd4 a3 $15 35. Rd6
$140 $2 Qb5 $17 {[%cal Gb5e5]}) 33. Rd7 Qb5 34. Rd6 $6 (34. b3 $1) 34... Ra8 {
[%cal Ga5a4]} (34... a4 $1 35. Rb6 Qa5 36. Rb7 Nd5 $15) 35. Rb6 Qc4 $1 {
Leaving the d5-square for the knight and provoking b3.} (35... Qd5 36. Qa4 $11)
36. b3 Qd5 $1 (36... Qe4 37. Rd6 $11) 37. Qc2 {Here Jakovenko offered a draw,
which I accepted as I was short on time.} (37. Qc2 {The game could continue}
Nb5 (37... Rd8 $5 38. Rc6 Nb5 39. Qc4 (39. Rc8 Nc3 $15) 39... Nc3 40. Bb6 Ra8
41. Bd4 Qxc4 42. Rxc4 Nd5 $15) 38. Qc6 (38. Qf5 Rc8 39. Qh5 Nbc7 $15) (38. Qd2
$5 Nc3 39. Qc2 Rd8 $5 $15 (39... Qd1 40. Qxd1 Nxd1 41. Nd2 Nxe3 42. fxe3 Nc5
43. Rb5 Rd8 44. Rxa5 Rxd2 45. Rxc5 Rd3 46. Rb5 Rxb3 $11)) 38... Qxc6 39. Rxc6
a4 40. bxa4 Rxa4 41. Rb6 Nc3 42. h5 Nd5 43. Rb8+ Kh7 44. Bd2 Nc5 $15 {[%csl
Gb4] So probably I should play on even though I knew the team was losing
anyway.}) 1/2-1/2